000 00351nam a2200157Ia 4500
003 OSt
005 20240217123752.0
008 170524s9999 xx 000 0 und d
020 _a9788120340077
040 _cIIMT UNIVERSITY MEERUT
100 _aCorman
245 0 _aIntroduction to Algorithms
260 _bPHI
260 _c2007
942 _2ddc
_c02
999 _c4696
_d4696